Hodnotenie stavu vôd a plány manažmentu povodí

Hodnotenie ekologického stavu vôd. Schéma hodnotenia stavu povrchových vôd. Hodnotenie ekologického potenciálu. Interkalibrácia klasifikačných schém. Plány manažmentu povodí a Vodný plán Slovenska.

Gespeichert in:
Bibliographische Detailangaben
1. Verfasser: Valúchová, Magdaléna
Format: Buchkapitel
Sprache:Slowakisch
Schlagworte:
Tags: Tag hinzufügen
Keine Tags, Fügen Sie das erste Tag hinzu!

MARC

LEADER 00000naa$a2200000$$$4500
001 0087201
005 20221128083903.2
041 0 |a slo 
044 |a SK 
245 1 0 |a Hodnotenie stavu vôd a plány manažmentu povodí  |c Magdaléna Valúchová ... [et al.] 
520 |a Hodnotenie ekologického stavu vôd. Schéma hodnotenia stavu povrchových vôd. Hodnotenie ekologického potenciálu. Interkalibrácia klasifikačných schém. Plány manažmentu povodí a Vodný plán Slovenska. 
610 2 0 |a voda povrchová 
610 2 0 |a ekológia 
610 2 0 |a manažment 
610 2 0 |a plán 
610 2 0 |a plánovanie 
100 1 |a Valúchová, Magdaléna